Normal view
MARC view
- Wildlife crimes.
Entry Topical Term
001 - CONTROL NUMBER
- control field: 9224
003 - CONTROL NUMBER IDENTIFIER
- control field: OSt
005 - DATE AND TIME OF LATEST TRANSACTION
- control field: 20200914102909.0
008 - FIXED-LENGTH DATA ELEMENTS
- fixed length control field: 200914|| aca||aabn | a|a d
040 ## - CATALOGING SOURCE
- Original cataloging agency: OSt
- Transcribing agency: OSt
150 ## - HEADING--TOPICAL TERM
- Topical term or geographic name entry element: Wildlife crimes.
670 ## - SOURCE DATA FOUND
- Source citation: Work cat.: (OSt): Lorraine Elliot, William H. Schaedla 2016 9222, HANDBOOK OF :Transnational Environmental Crime, [2016] United Kingdom

PORTAL AKMAL
E-MEL JKDM
AKMAL2U
G-BAM
u-PUSTAKA